| 000 | 00435nam a2200169Ia 4500 | ||
|---|---|---|---|
| 005 | 20240704101614.0 | ||
| 008 | 240126s9999 xx 000 0 und d | ||
| 020 | _a97810750664394 | ||
| 082 | _a387.71 HAN;1 R | ||
| 100 | _aHanlon, Pat. | ||
| 245 | 0 | _aGlobal airlines : competition in a transnational industry | |
| 250 | _a3rd ed. | ||
| 260 |
_bOxford _aElsevier _c2007 |
||
| 300 | _axvii, 370 | ||
| 440 | _aNULL | ||
| 942 | _cPU | ||
| 999 |
_c274220 _d274220 |
||